• 首页
  • 本馆介绍
  • 公告通知
  • 最新文献
  • 馆藏检索
  • 电子资源
  • 读者导购
  • 参考咨询
  • 我的图书馆
  • 登录
  • 详细信息显示
  • 放入我的书架
  • 预约/预借图书
  • 作者相关作品
  • 分类相关作品
  • 丛书相关作品
  • 出版社相关作品

书目信息

  • 表格格式
  • 工作单格式
  • 卡片格式
题名:
达尔文与基要主义
    
 
作者: 戴维斯 , Davies 著 ;张增一 译
分册:  
出版信息: 北京   北京大学出版社  2005
页数: 38,124页
开本: 21cm
丛书名: 后现代交锋丛书
单 册:
中图分类: Q111.2
科图分类:
主题词: 达尔文学说--研究 , 达尔文学说
电子资源:
ISBN: 7-301-08478-1
000 01077oam2 2200301 450
001 012007180950
005 20070522170206.10
010    @a7-301-08478-1@dCNY12.80
100    @a20070514d2005 km y0chiy0120 ea
101 1  @achi@ceng
102    @aCN@b110000
105    @aa z 000yd
106    @ar
200 1  @a达尔文与基要主义@Ada er wen yu ji yao zhu yi@f(英)麦瑞尔·戴维斯(Merryl Wyn Davies)著@F(ying)mai rui er·dai wei si(Merryl Wyn Davies)zhu@g张增一译@Gzhang zeng yi yi
210    @a北京@c北京大学出版社@d2005
215    @a38,124页@c图@d21cm
225 2  @a后现代交锋丛书
330    @a本书内容包括:达尔文之前的西方思想、达尔文的《物种起源》、自然选择理论、猴子审判、创世科学、科学的基要主义等。
461  0 @12001 @a后现代交锋丛书
510 1  @aDarwin and fundamentalism@zeng
606 0  @a达尔文学说@x研究
606 0  @a达尔文学说
690    @aQ111.2@v4
701  1 @c(英)@a戴维斯@Adai wei si@b麦瑞尔@4著
701  1 @c(英)@aDavies@bMerryl Wyn@4著
702  0 @a张增一@Azhang zeng yi@c(翻译)@4译
801  0 @aCN@bRULIN@c20070522
905    @dQ111.2@e122@s8
    
    达尔文与基要主义/(英)麦瑞尔·戴维斯(Merryl Wyn Davies)著/张增一译.-北京:北京大学出版社,2005
    38,124页:图;21cm.-(后现代交锋丛书)
    
    
    ISBN 7-301-08478-1:CNY12.80
    本书内容包括:达尔文之前的西方思想、达尔文的《物种起源》、自然选择理论、猴子审判、创世科学、科学的基要主义等。
●
相关链接 在E读中查询图书 在五车中查询图书 在当当中查询图书 在豆瓣中查询图书


正题名:达尔文与基要主义     索取号:Q111.2/122         预约/预借

序号 登录号 条形码 馆藏地/架位号 状态 备注
1 0575389   205753898   第二样本阅览室/ [索取号:Q111.2/122] 在馆    
2 0575390   205753905   第三借阅区/ [索取号:Q111.2/122] 在馆    
3 0575391   205753914   第三借阅区/ [索取号:Q111.2/122] 在馆    
4 0575392   205753923   第三借阅区/ [索取号:Q111.2/122] 在馆    
5 0575393   205753932   第三借阅区/ [索取号:Q111.2/122] 在馆    
6 0575394   205753941   第三借阅区/ [索取号:Q111.2/122] 在馆    
7 0575395   205753950   第三借阅区/ [索取号:Q111.2/122] 在馆    
8 0575396   205753969   第三借阅区/ [索取号:Q111.2/122] 在馆    
唐山师范学院图书馆 欢迎您!
大连网信软件有限公司© 版权所有